000 00471nam a22001697a 4500
005 20240822105834.0
008 240822b |||||||| |||| 00| 0 eng d
020 _a0409035122
041 _aEnglish
082 _a349 LAW
100 _lEnglish
245 _aThe Lawyer's Yearbook
260 _aDurban:
_bButterworth and Company (Pty) Ltd,
_c2006
300 _b356 pages;
_c18 cm.
650 _aLegal practice
_bLaw
942 _cBK
_6ALISON_BN_VRIES
999 _c2781
_d2781